| 000 | 01614cam a2200289 4500 | ||
|---|---|---|---|
| 001 | WB4020-02 | ||
| 008 | 040527n2004 000 0 eng u | ||
| 035 | _a(Sirsi) u126298 | ||
| 245 | _aStrong growth in commercial development activity | ||
| 260 | _c2004 | ||
| 490 |
_aFPD Savills Research _vMay 2004 (4) |
||
| 520 | _aApril saw further strong growth of commercial activity and widespread optimism for future expansion according to April's "FPDSavills commercial development PMI survey" of business conditions in the commercial property sector. Well over a third of developers reported an expansion over a month earlier with only 5% reporting a contraction. Commercial activity in the private sector continued to outpace that in the public sector. Private sector new build again registered the strongest expansion of all activity areas. Both public sector retail and leisure activity and industrial/warehouse activity remained muted during April. The report is available after free registration at http://www.fpdsavills.com/research/content.asp?con tent=%5Cuber%5Fresearch%5C4546%2Ehtm&subcategory=n one&contenttype=research&Section=uk. | ||
| 590 | _aWB | ||
| 590 | _aWB | ||
| 650 | _aINDUSTRIAL MARKET | ||
| 650 | _aOFFICE MARKET | ||
| 650 | _aPROPERTY-COMMERCIAL PROPERTY-RETAIL PROPERTY-RETAIL PROPERTY MARKET | ||
| 650 | _aLEISURE MARKET | ||
| 650 | _aWAREHOUSES | ||
| 650 | _aNEW BUILD | ||
| 650 | _aPRIVATE SECTOR DEVELOPMENT | ||
| 650 | _aFIT-OUT WORKS | ||
| 650 |
_aRefurbishment _96264 |
||
| 650 | _aCOMMERCIAL DEVELOPMENT | ||
| 690 |
_aCOMMERCIAL PROPERTY _96227 |
||
| 942 | _n0 | ||
| 999 |
_c117407 _d117407 |
||